00489 a2200169 450000100060000002000180000604000370002410000190006124000360008024500310011630000070014736200090015465000310016394200070019495201010020199900170030274933 a9788573406924 cAnchieta - Colégio São Paulo aRocha, Silvina10aMateus e seu gato vermelholpor10aMateus e seu gato vermelho a310 a2014 4aLiteratura infanto-juvenil cBK 00104070a88.1b88.1d2023-11-22l0o028.5 R672p6081/CSPr2023-11-22 14:32:07w2023-11-22yBK c74933d74933